Clinical obesity in adults and children /

Bibliographic Details
Other Authors: Kopelman, Peter G., Stock, Michael J.
Format: eBook
Language:English
Published: Malden, Mass. : Blackwell Pub., [2005]
Edition:2nd ed.
Series:Wiley Online Library.
Subjects:
Online Access:Connect to the full text of this electronic book

MARC

Tag First Indicator Second Indicator Subfields
LEADER 00000cam a2200000Ia 4500
001 in00002781902
005 20210728124949.0
006 m o d
007 cr cn|||||||||
008 071115s2005 maua ob 001 0 eng d
019 |a 299696162 
020 |a 0470987081 
020 |a 9780470987087 
024 7 |a 10.1002/9780470987087  |2 doi 
035 |a (OCoLC)181343866  |z (OCoLC)299696162 
035 |a (OCoLC)ocn181343866 
035 |a 4029647 
037 |a 10.1002/9780470987087  |b Wiley InterScience  |n http://www3.interscience.wiley.com 
040 |a DG1  |c DG1  |d YDXCP  |d BTCTA  |d DG1  |d OCLCQ  |d TXA  |d UtOrBLW 
049 |a TXAM 
050 4 |a RC628  |b .C56 2005eb 
060 1 4 |a 2005 J-559 
060 1 4 |a WD 210  |b C64153 2005 
082 0 4 |a 616.3/98  |2 22 
245 0 0 |a Clinical obesity in adults and children /  |c edited by Peter G. Kopelman, Ian D. Caterson, William H. Dietz. 
250 |a 2nd ed. 
264 1 |a Malden, Mass. :  |b Blackwell Pub.,  |c [2005] 
264 4 |c ©2005 
300 |a 1 online resource (x, 493 pages) :  |b illustrations 
336 |a text  |b txt  |2 rdacontent 
337 |a computer  |b c  |2 rdamedia 
338 |a online resource  |b cr  |2 rdacarrier 
500 |a Electronic resource. 
500 |a Revised edition of: Clinical obesity. 
504 |a Includes bibliographical references and index. 
505 0 |a Pt. 1. Obesity. Epidemiology - definition and classification of obesity -- Measuring body composition in adults and children -- Social consequences of obesity -- Obesity and culture -- Pt. 2. Biology of obesity. Energy balance and body weight homeostasis -- Genes and obesity -- Fetal and infant origins of obesity -- Metabolic fuels and obesity: carbohydrate and lipid metabolism in skeletal muscle and adipose tissue -- Energy and macronutrient needs in relation to substrate handling in obesity -- Biology of obesity: eating behaviour -- Energy expenditure in humans: the influence of activity, diet and the sympathetic nervous system -- Pt. 3. Obesity and disease. Obesity and dyslipidaemia: importance of body fat distribution -- Obesity and disease: insulin resistance, diabetes, metabolic syndrome and polycystic ovary syndrome -- Obesity and disease: hormones and obesity -- Pt. 4. Childhood obesity. Childhood obesity: definition, classification and assessment -- Childhood obesity: consequences and physical and psychosocial complications -- 
505 0 |a Pt. 5. Adult obesity. Adult obesity: metabolic syndrome, diabetes and non-alcoholic steatohepatitis --Cardiovascular consequences of obesity -- Adult obesity: fertility --Obstructive sleep apnoea -- Pt. 6. Management. An overview of obesity management -- Dietary management of obesity: eating plans -- Behavioural treatment of obesity: achievements and challenges -- Exercise and obesity -- Management of obesity: pharmacotherapy -- The management of obesity: surgery -- Weight loss maintenance -- Educating and training health-care professionals -- Pt. 7. Environmental and policy approaches. Obesity in Asian populations -- Environmental and policy approaches: alternative methods -- A comprehensive approach to obesity prevention. 
588 |a Description based on print version record. 
650 1 2 |a Obesity.  |0 https://id.nlm.nih.gov/mesh/D009765 
650 2 2 |a Adult.  |0 https://id.nlm.nih.gov/mesh/D000328 
650 2 2 |a Child.  |0 https://id.nlm.nih.gov/mesh/D002648 
650 1 7 |a Kinderen.  |2 gtt 
650 1 7 |a Vetzucht.  |2 gtt 
650 1 7 |a Volwassenen.  |2 gtt 
650 1 7 |a Zwaarlijvigheid.  |2 gtt 
650 0 |a Obesity.  |0 http://id.loc.gov/authorities/subjects/sh85093646 
650 6 |a Obésité. 
655 7 |a Electronic books.  |2 local 
700 1 |a Kopelman, Peter G.  |0 http://id.loc.gov/authorities/names/n97803560 
700 1 |a Stock, Michael J.  |0 http://id.loc.gov/authorities/names/n83009818 
730 0 |a Clinical obesity. 
776 1 |c Original  |z 1405116722  |z 9781405116725  |w (DLC) 2005280542  |w (OCoLC)60911521 
830 0 |a Wiley Online Library. 
856 4 0 |u http://proxy.library.tamu.edu/login?url=https://dx.doi.org/10.1002/9780470987087  |z Connect to the full text of this electronic book  |t 0 
948 |a cataloged  |b h  |c 2012/11/7  |d c  |e jlanham  |f 12:06:29 pm 
994 |a C0  |b TXA 
999 |a MARS 
999 f f |s 654fff24-bfe3-3c14-b049-b2cddc5cad5b  |i e7fdf1ce-4594-3f98-bf58-ad9cec29a20d  |t 0 
952 f f |a Texas A&M University  |b College Station  |c Electronic Resources  |d Available Online  |t 0  |e RC628 .C56 2005eb  |h Library of Congress classification 
998 f f |a RC628 .C56 2005eb  |t 0  |l Available Online